000 00568cam a22002053a 4500
001 44271
003 PGUSA
005 20140828084018.0
008 131124s2013||||xxu|||||s|||||000 | eng d
040 _aPGUSA
_beng
042 _adc
100 1 _aKölwel, Gottfried
245 1 0 _aGesänge gegen den Tod
_h[electronic resource] /
_cGottfried Kölwel
260 _bProject Gutenberg,
_c2013
506 _aPublic domain in the USA.
516 _aElectronic text
830 0 _aProject Gutenberg
_v44271
856 4 0 _uhttp://www.gutenberg.org/ebooks/44271
942 _cEB
999 _c273522
_d273522